Herodotus : From the Text of Schweighaeuser : Vol. I /

Las Historias de Herodoto es una obra dividida en nueve libros, de acuerdo con varios manuscritos, que llevan como títulos los nombres de las musas. Herodoto la escribió con la esperanza de salvar del olvido la memoria de los hechos de los hombres y de impedir que las grandes hazañas de los griegos...

Celý popis

Uloženo v:
Podrobná bibliografie
Hlavní autor: Herodoto (autor)
Další autoři: Wheeler, Charles Stearns (edición) (edición), Schweighaeuser, Johannes (versión) (versión), Müller, Karl Otfried (semblanza) (semblanza)
Médium: Kniha
Jazyk:angličtina
Témata:
Tagy: Přidat tag
Žádné tagy, Buďte první, kdo vytvoří štítek k tomuto záznamu!

MARC

LEADER 00000nam^a2200000^a^4500
001 000384792
005 20250526000000.0
009 20260310120913.702
037 |a Acervo Xavier Clavigero 
041 |a ING 
082 |a 949. 50123  |b HER V. 1 
100 |a Herodoto  |e (autor) 
240 1 5 |a [Los nueve libros de la historia] 
245 1 0 |a Herodotus :  |b From the Text of Schweighaeuser : Vol. I /  |c Herodoto ; ed. de C.S. Wheeler ; versión de J. Schweighaeuser ; semblanza de K.O. Müller. 
264 |a Boston, EUA :  |b James Munroe and Company,  |c 1858 
300 |a XVIII, 302 p., 1 mapa ;  |c 19.0 cm. 
336 |a texto  |b txt  |2 rdacontenido 
337 |a sin mediación  |b n  |2 rdamedio 
338 |a volumen  |b nc  |2 rdasoporte 
501 |a Encuadernación particular 
520 |a Las Historias de Herodoto es una obra dividida en nueve libros, de acuerdo con varios manuscritos, que llevan como títulos los nombres de las musas. Herodoto la escribió con la esperanza de salvar del olvido la memoria de los hechos de los hombres y de impedir que las grandes hazañas de los griegos y de los bárbaros pierdan su merecida porción de gloria. 
546 |a Edición bilingüe griego-inglés 
561 |a Ex libris de Bibl. Junioratus San Cayetano 
561 |a Ex libris de Biblioteca de San Juan, Saltillo 
562 |a Falta cubierta 
649 |a XX 
650 |a Batalla de las Termópilas, 480 a.C. 
650 |a Geografía Antigua 
650 |a Historia Antigua 
650 |a Historiografía -  |z Grecia 
650 |a Irán -  |x Historia -  |y Ciro II, El Grande, 550-530 a.C. 
650 |a Irán -  |x Historia -  |y Darío I, El Grande, 522-486 a.C. 
650 |a Irán -  |x Historia -  |y Jerjes I, 486-465 a.C. 
650 |a Irán -  |x Historia -  |y Imperio Persa Aqueménida, 550-330 a.C. 
650 |a Grecia -  |x Historia -  |y Guerras Persas, 500-479 a.C. -  |x Tema Principal 
650 |a Grecia -  |x Historia -  |y Período Antiguo, 775-479 a.C. 
650 |a Grecia -  |x Historia Antigua 
700 |a Wheeler, Charles Stearns  |e (edición) 
700 |a Schweighaeuser, Johannes  |e (versión) 
700 |a Müller, Karl Otfried  |e (semblanza) 
910 |a Fondo General 
920 |a Impresos - Libros 
930 |a Libros Antiguos y Raros 
905 |a 108 
901 |a 0500279456  |b IT2  |c LRA  |u 20250526 
902 |a https://opac.biblio.iteso.mx/vufind/Record/000384792